000 00570nam a2200193Ia 4500
005 20250423101634.0
008 250422s9999 xx 000 0 und d
020 _a9780072398755
050 _aQA 76.5 .S29/
100 _aSawyer, Stacey C.
245 0 _aUsing information technology: a practic al introduction to computer & communications
250 _a4th ed.
260 _aNew York
260 _bMacGraw-Hill Irwin
260 _c2001
300 _a326 p
650 _a Computers. Telecommunication systems. Information technology.
942 _cBK
999 _c36834
_d36834